Wireless sensor networks : An information processing approach

Đã lưu trong:
書目詳細資料
主要作者: Feng, Zhao
格式: 圖書
語言:Undetermined
出版: Boston Elsevier 2004
主題:
標簽: 添加標簽
沒有標簽, 成為第一個標記此記錄!
Thư viện lưu trữ: Trung tâm Học liệu Trường Đại học Cần Thơ
LEADER 00556nam a2200205Ia 4500
001 CTU_96061
008 210402s9999 xx 000 0 und d
020 |c 63.65 
082 |a 681.2 
082 |b Z68 
100 |a Feng, Zhao 
245 0 |a Wireless sensor networks : 
245 3 |b An information processing approach 
245 0 |c Feng Zhao, Leonidas J. Guibas 
260 |a Boston 
260 |b Elsevier 
260 |c 2004 
650 |a Sensor networks,Wireless lans 
904 |i Tuyến 
980 |a Trung tâm Học liệu Trường Đại học Cần Thơ